Online Catalogue and eLibrary

Striking a balance (Record no. 2991)

MARC details
000 -LEADER
fixed length control field 00561nam a2200205Ia 4500
005 - DATE AND TIME OF LATEST TRANSACTION
control field 20240610052904.0
008 - FIXED-LENGTH DATA ELEMENTS--GENERAL INFORMATION
fixed length control field 240331s9999 xx 000 0 und d
020 ## - INTERNATIONAL STANDARD BOOK NUMBER
ISBN 9558027057
082 ## - DDC Classification
Item Number - Author Mark GOM
Class No. 323.34
100 ## - MAIN ENTRY--PERSONAL NAME
Personal name Gomez, Mario
100 ## - MAIN ENTRY--PERSONAL NAME
Personal name Gomez, Shyamala
245 #0 - TITLE STATEMENT
Title Striking a balance
Remainder of title using international human rights to achieve gender equality
250 ## - EDITION STATEMENT
Edition statement 1 st
260 ## - PUBLICATION, DISTRIBUTION, ETC.
Place of publication, distribution, etc. Colombo
Name of publisher, distributor, etc. Canadian International Development Agency's
Date of publication, distribution, etc. 2004
300 ## - PHYSICAL DESCRIPTION
Extent (e.g. Volumes, Pages etc.) 177 p .,
650 ## - SUBJECT ADDED ENTRY--TOPICAL TERM
Topical term or geographic name entry element Human Rights
650 ## - SUBJECT ADDED ENTRY--TOPICAL TERM
Topical term or geographic name entry element Political
650 ## - SUBJECT ADDED ENTRY--TOPICAL TERM
Topical term or geographic name entry element Law
942 ## - Koha item type (Biblio)
Koha item type Books in Stacks (Lending)
Holdings
Lost status Damaged status Collection code Home library Current library Shelving location Date acquired Full call number Accession Number Item type
    Lending WERC Library WERC Library Social Science Cupboard 03/31/2024 323.34 GOM 169 Books in Stacks (Lending)

© WERC Library